Health promotion in nursing practice / (Record no. 18535)
[ view plain ]
| 000 -LEADER | |
|---|---|
| fixed length control field | 01090nam a22003137a 4500 |
| 005 - DATE AND TIME OF LATEST TRANSACTION | |
| control field | 20201128021115.0 |
| 008 - FIXED-LENGTH DATA ELEMENTS--GENERAL INFORMATION | |
| fixed length control field | 141103t2014 enka frb 001 0 eng d |
| 020 ## - INTERNATIONAL STANDARD BOOK NUMBER | |
| International Standard Book Number | 9781292027821 |
| 020 ## - INTERNATIONAL STANDARD BOOK NUMBER | |
| International Standard Book Number | 1292027827 |
| 040 ## - CATALOGING SOURCE | |
| Original cataloging agency | EG-ScBUE |
| 082 00 - DEWEY DECIMAL CLASSIFICATION NUMBER | |
| Edition number | 22 |
| Classification number | 610.73 |
| Item number | PEN |
| 100 1# - MAIN ENTRY--PERSONAL NAME | |
| Personal name | Pender, Nola J., |
| Dates associated with a name | 1941- |
| 9 (RLIN) | 33267 |
| 245 10 - TITLE STATEMENT | |
| Title | Health promotion in nursing practice / |
| Statement of responsibility, etc | Nola J. Pender, Carolyn L. Murdaugh, Mary Ann Parsons. |
| 250 ## - EDITION STATEMENT | |
| Edition statement | 6th ed., Pearson new international ed. |
| 260 ## - PUBLICATION, DISTRIBUTION, ETC. (IMPRINT) | |
| Place of publication, distribution, etc | Harlow : |
| Name of publisher, distributor, etc | Pearson Education Limited, |
| Date of publication, distribution, etc | c.2014. |
| 300 ## - PHYSICAL DESCRIPTION | |
| Extent | ll, 351 p. : |
| Other physical details | ill. ; |
| Dimensions | 28 cm. |
| 490 0# - Series Statement | |
| Series statement | Always learning |
| 500 ## - GENERAL NOTE | |
| General note | Index : p. 349-351. |
| 504 ## - BIBLIOGRAPHY, ETC. NOTE | |
| Bibliography, etc | Includes bibliographical references. |
| 650 #0 - SUBJECT ADDED ENTRY--TOPICAL TERM | |
| Topical term or geographic name as entry element | Health promotion. |
| 9 (RLIN) | 32506 |
| 650 #0 - SUBJECT ADDED ENTRY--TOPICAL TERM | |
| Topical term or geographic name as entry element | Preventive health services. |
| 9 (RLIN) | 33269 |
| 650 #0 - SUBJECT ADDED ENTRY--TOPICAL TERM | |
| Topical term or geographic name as entry element | Nursing |
| 9 (RLIN) | 2162 |
| 650 12 - SUBJECT ADDED ENTRY--TOPICAL TERM | |
| Topical term or geographic name as entry element | Health Promotion |
| 9 (RLIN) | 33271 |
| Form subdivision | Nurses' Instruction. |
| 653 ## - INDEX TERM--UNCONTROLLED | |
| Resource For college | Nursing |
| Arrived date list | November2014 |
| -- | December2014 |
| -- | March2015 |
| 655 ## - INDEX TERM--GENRE/FORM | |
| Form subdivision | |
| -- | 34232 |
| 700 1# - ADDED ENTRY--PERSONAL NAME | |
| Personal name | Murdaugh, Carolyn L. |
| 9 (RLIN) | 33275 |
| 700 1# - ADDED ENTRY--PERSONAL NAME | |
| Personal name | Parsons, Mary Ann. |
| 9 (RLIN) | 33276 |
| 942 ## - ADDED ENTRY ELEMENTS (KOHA) | |
| Source of classification or shelving scheme | Dewey Decimal Classification |
| Call number prefix | 610.73 PEN |
| Withdrawn status | Item status | Source of classification or shelving scheme | Damaged status | Not for loan | Vendor | Home library | Current library | Shelving location | Date acquired | Source of acquisition | Cost, normal purchase price | Serial Enumeration / chronology | Total Checkouts | Total Renewals | Full call number | Barcode | Date last seen | Date last borrowed | Cost, replacement price | Koha item type |
|---|---|---|---|---|---|---|---|---|---|---|---|---|---|---|---|---|---|---|---|---|
| Dewey Decimal Classification | Baccah | Central Library | Central Library | First floor | 03/11/2014 | 264.00 | 20526 | 1 | 1 | 610.73 PEN | 000036904 | 15/07/2025 | 19/02/2015 | 330.00 | Book - Borrowing | |||||
| Dewey Decimal Classification | Baccah | Central Library | Central Library | First floor | 04/12/2014 | 264.00 | 21204 | 1 | 610.73 PEN | 000037103 | 15/07/2025 | 11/01/2016 | 330.00 | Book - Borrowing | ||||||
| Dewey Decimal Classification | Baccah | Central Library | Central Library | First floor | 28/03/2015 | 264.00 | 22358 | 1 | 3 | 610.73 PEN | 000037789 | 15/07/2025 | 11/01/2016 | 330.00 | Book - Borrowing |